| 000 -NÁVESTIE |
| fixed length control field |
01717cam a2200493 a 4500 |
| 001 - EVIDENČNÉ ČÍSLO ZÁZNAMU - Kontrolné číslo |
| control field |
vtls010649301 |
| 005 - DÁTUM A ČAS POSLEDNEJ TRANSAKCIE |
| control field |
20221006121655.0 |
| 008 - ÚDAJE S PEVNOU DĹŽKOU – VŠEOBECNÉ INFORMÁCIE |
| fixed length control field |
160430s2015 xo g 000 fdslo |
| 020 ## - MEDZINÁRODNÉ ŠTANDARDNÉ ČÍSLO KNIHY (ISBN) |
| Medzinárodné štandardné číslo knihy (ISBN) |
9788055611938 (viaz.) |
| 035 ## - Iný štandardný identifikátor |
| Iný štandardný identifikátor |
FAD1043B-4503-4552-AB0B-DC7FA06DD5C6 |
| 035 ## - Iný štandardný identifikátor |
| Iný štandardný identifikátor |
urn:nbn:sk:snk-amkd69 |
| 035 ## - Iný štandardný identifikátor |
| Iný štandardný identifikátor |
urn:nbn:sk:snk-am003pzt |
| 040 ## - ZDROJ KATALOGIZÁCIE |
| Pôvodná katalogizujúca agentúra |
POKPOH |
| Jazyk katalogizácie |
slo |
| Prepisujúca agentúra |
POKPOH |
| Modifikujúca agentúra |
SNK |
| Konvencie popisu |
AACR2 |
| 041 1# - KÓD JAZYKA |
| Kód jazyka textu/zvukovej stopy alebo samostatných nápisov |
slo |
| Kód jazyka originálu a/alebo sprostredkujúcich prekladov textu |
eng |
| 044 ## - KÓD KRAJINY VYDAVATEĽA/PRODUCENTA |
| Kód krajiny MARC |
xo |
| Kód krajiny ISO |
SK |
| 072 #7 - KÓD PREDMETOVEJ KATEGÓRIE |
| Kód predmetovej kategórie |
821.111(73)-3 |
| Pododdiel kódu predmetovej kategórie |
Americká próza |
| Zdroj |
konspekt |
| 072 #7 - KÓD PREDMETOVEJ KATEGÓRIE |
| Kód predmetovej kategórie |
929 |
| Pododdiel kódu predmetovej kategórie |
Biografie |
| Zdroj |
konspekt |
| 080 ## - ČÍSLO MEDZINÁRODNÉHO DESATINNÉHO TRIEDENIA (MDT) |
| Číslo Medzinárodného desatinného triedenia (MDT) |
929.731-055.2 |
| Identifikátor vydania |
2011 |
| 080 ## - ČÍSLO MEDZINÁRODNÉHO DESATINNÉHO TRIEDENIA (MDT) |
| Číslo Medzinárodného desatinného triedenia (MDT) |
(44) |
| Identifikátor vydania |
2011 |
| 080 ## - ČÍSLO MEDZINÁRODNÉHO DESATINNÉHO TRIEDENIA (MDT) |
| Číslo Medzinárodného desatinného triedenia (MDT) |
821.111(73)-31 |
| Identifikátor vydania |
2011 |
| 080 ## - ČÍSLO MEDZINÁRODNÉHO DESATINNÉHO TRIEDENIA (MDT) |
| Číslo Medzinárodného desatinného triedenia (MDT) |
(0:82-311.6) |
| Identifikátor vydania |
2011 |
| 080 ## - ČÍSLO MEDZINÁRODNÉHO DESATINNÉHO TRIEDENIA (MDT) |
| Číslo Medzinárodného desatinného triedenia (MDT) |
(0:82-312.6) |
| Identifikátor vydania |
2011 |
| 100 1# - OSOBNÉ MENÁ – VŠEOBECNÉ INFORMÁCIE |
| Osobné meno |
Grey, Juliet |
| -- |
3611 |
| 240 10 - UNIFIKOVANÝ NÁZOV |
| Unifikovaný názov |
Becoming Marie Antoinette |
| Jazyk diela |
Slovensky |
| 245 10 - NÁZOV |
| Názov |
Ja, Mária Antoinetta |
| Údaj o zodpovednosti atď. |
Juliet Grey ; z angličtiny preložila Beáta Mihalkovičová |
| 260 ## - VYDAVATEĽSKÉ ÚDAJE, DISTRIBÚCIA ATĎ. |
| Miesto publikovania, distribúcie atď. |
Bratislava |
| Názov vydavateľa, distibútora atď. |
Slovart |
| Dátum publikovania, distribúcie atď. |
2015 |
| 300 ## - FYZICKÝ POPIS |
| Rozsah |
374 s. |
| Rozmery |
24 cm |
| 600 07 - PRIDANÝ VSTUP – PREDMET – OSOBNÉ MENO |
| Osobné meno |
Mária Antoinetta, |
| Tituly a iné slová súvisiace s menom |
kráľovná, manželka Ľudovíta XVI., francúzskeho kráľa, |
| Dátumy súvisiace s menom |
1755-1793 |
| Zdroj hesla alebo termínu |
SNKMA |
| -- |
3612 |
| 648 #7 - PRIDANÝ VSTUP – PREDMET – CHRONOLOGICKÝ TERMÍN |
| Chronologický termín |
18. stor. |
| Zdroj hesla alebo termínu |
SNKPH |
| -- |
3613 |
| 648 #7 - PRIDANÝ VSTUP – PREDMET – CHRONOLOGICKÝ TERMÍN |
| Chronologický termín |
18th century |
| Zdroj hesla alebo termínu |
SNKPHeng |
| -- |
2906 |
| 650 07 - PRIDANÝ VSTUP – PREDMET – TEMATICKÉ HESLO |
| Tematické heslo alebo geografický názov ako vstupný prvok |
panovníčky |
| Zdroj hesla alebo termínu |
SNKPH |
| -- |
2907 |
| 650 07 - PRIDANÝ VSTUP – PREDMET – TEMATICKÉ HESLO |
| Tematické heslo alebo geografický názov ako vstupný prvok |
Queens and empresses |
| Zdroj hesla alebo termínu |
SNKPHeng |
| -- |
2908 |
| 651 #7 - PRIDANÝ VSTUP – PREDMET – GEOGRAFICKÝ NÁZOV |
| Geografický názov |
Francúzsko |
| Zdroj hesla alebo termínu |
SNKPH |
| -- |
3594 |
| 651 #7 - PRIDANÝ VSTUP – PREDMET – GEOGRAFICKÝ NÁZOV |
| Geografický názov |
France |
| Zdroj hesla alebo termínu |
SNKPH |
| -- |
3596 |
| 655 #7 - INDEXAČNÝ TERMÍN – ŽÁNER/FORMA |
| Údaje o žánri/forme alebo termín, ktorý je prvok fazety |
americké romány |
| Zdroj termínu |
SNKPH |
| -- |
2 |
| 655 #7 - INDEXAČNÝ TERMÍN – ŽÁNER/FORMA |
| Údaje o žánri/forme alebo termín, ktorý je prvok fazety |
historické romány |
| Zdroj termínu |
SNKPH |
| -- |
1688 |
| 655 #7 - INDEXAČNÝ TERMÍN – ŽÁNER/FORMA |
| Údaje o žánri/forme alebo termín, ktorý je prvok fazety |
biografické romány |
| Zdroj termínu |
SNKPH |
| -- |
2126 |
| 655 #7 - INDEXAČNÝ TERMÍN – ŽÁNER/FORMA |
| Údaje o žánri/forme alebo termín, ktorý je prvok fazety |
American fiction |
| Zdroj termínu |
SNKPHeng |
| -- |
3 |
| 655 #7 - INDEXAČNÝ TERMÍN – ŽÁNER/FORMA |
| Údaje o žánri/forme alebo termín, ktorý je prvok fazety |
Historical novels |
| Zdroj termínu |
SNKPHeng |
| -- |
1689 |
| 655 #7 - INDEXAČNÝ TERMÍN – ŽÁNER/FORMA |
| Údaje o žánri/forme alebo termín, ktorý je prvok fazety |
Biographical novels |
| Zdroj termínu |
SNKPHeng |
| -- |
2127 |
| 700 1# - PRIDANÝ VSTUP – OSOBNÉ MENO |
| Osobné meno |
Mihalkovičová, Beáta |
| Kód roly |
trl |
| -- |
3614 |
| 958 ## - Formálny deskriptor |
| Formálny deskriptor |
UP |
| 958 ## - Formálny deskriptor |
| Formálny deskriptor |
LX |